| 000 | 00621nam a22002177a 4500 | ||
|---|---|---|---|
| 001 | 000030826 | ||
| 003 | DO-SdBNP | ||
| 005 | 20220909121317.0 | ||
| 007 | ta | ||
| 008 | 110531s1939 dr 000 p spa d | ||
| 040 |
_aDO-SdBNP _bspa _cBNPHU |
||
| 082 |
_axxxx _bV335j |
||
| 100 |
_aSuárez Vásquez, R _930540 |
||
| 245 | 1 | 0 |
_aJuegos de luces y de sombras. / _cR. Suarez Vásquez. |
| 260 |
_aSantiago, República Dominicana : _bEl diario, _c1939. |
||
| 300 |
_a111 p. ; _c20 cm. |
||
| 500 | _aA la cabeza del título Era de Trujillo | ||
| 590 | _aInventariado, 2022/ YL | ||
| 910 | _aYLockward | ||
| 942 |
_2ddc _cLBS1 |
||
| 999 |
_c30318 _d30318 |
||